000 00394nam a2200157Ia 4500
003 GCL
008 140319s9999 xx 000 0 eng d
040 _aGCL /
_cGCL
082 0 4 _aM
_bKAIRE
100 1 _aCHAMOUIN ET DANDELELENR
245 1 0 _aENVIRONS DU KAIRE /
_cCHAMOUIN ET DANDELELENR
260 _a[S.N] :
_bCHAMOUIM ET DANDELENR
650 0 4 _aMAPS
650 0 4 _aCAIRO
942 _2ddc
_cMP
999 _c25771
_d25771